000 01001nam a22002537a 4500
005 20170124102940.0
010 _aA-227889
020 _c50.00
035 _aA-227889
037 _bCen Lib/Ret
040 _aDPL
_bHN
082 _a822
_bचतुर
100 _aचतुरसेन, आचार्य
_9107690
245 _aएकांकी सुधा /
_cआचार्य चतुरसेन
246 _aEkanki sudha /
_bby Acharya Chatursen
260 _aनई दिल्ली
_bप्रभात प्रकाशन
_c1984
270 _bनई दिल्ली
_a205 चावडी बाज़ार
_e110006
300 _a267पृ.
_c18मी(सजिल्द)
650 _aहिन्दी साहित्य
_9107691
650 _aहिन्दी साहित्य -- नाटक
_946022
650 _aHindi literature
_9107692
650 _aHindi literature -- Drama
_9107693
942 _2ddc
_cHN
_h822
_mचतुर
999 _c112539
_d112539